მენეჯმენტის პრინციპები : (ბიბ.ჩანაწერი № 34934)
[ მარტივი ფორმატი ]
| 000 -ლიდერი | |
|---|---|
| ფიქსირებული სიგრძის საკონტროლო ველი | 01469nam a2200337Ia 4500 |
| 001 - საკონტროლო ნომერი | |
| საკონტროლო ველი | 762 |
| 003 - საკონტროლო ნომრის იდენტიფიკატორი | |
| საკონტროლო ველი | GE_BSU |
| 005 - ბოლო ოპერაციის თარიღი და დრო | |
| საკონტროლო ველი | 20220921164326.0 |
| 008 - ფიქსირებული სიგრძის მონაცემთა ელემენტები - ზოგადი ინფორმაცია | |
| ფიქსირებული სიგრძის საკონტროლო ველი | 181216s2010||||ge |||||||||||||| ||geo|| |
| 020 ## - წიგნის საერთაშორისო სტანდარტული ნომერი | |
| International Standard Book Number | 9789941022630 |
| 040 ## - კატალოგიზაციის წყარო | |
| Transcribing agency | GE_BSU |
| 041 ## - ენის კოდი | |
| Language code of text/sound track or separate title | geo |
| 080 ## - უნივერსალური ათობითი კლასიფიკაციის ინდექსი | |
| Universal Decimal Classification number | 005(075.8) ბ–25 |
| 100 ## - მთავარი ჩანაწერი - პიროვნების სახელი | |
| Personal name | ბარათაშვილი, ევგენი |
| 9 (RLIN) | 734 |
| 245 ## - ცნობა სათაურის შესახებ | |
| Title | მენეჯმენტის პრინციპები : |
| Remainder of title | (სახელმძღვ.) / |
| Statement of responsibility, etc | ევგენი ბარათაშვილი, ლამარა ქოქიაური ; [მეცნ.-რედ. ლარისა თაკალანძე]. |
| 245 ## - ცნობა სათაურის შესახებ | |
| Remainder of title | სახელმძღვანელო |
| 245 ## - ცნობა სათაურის შესახებ | |
| Statement of responsibility, etc | მეცნიერ-რედ. ლარისა თაკალანძე |
| 260 ## - გამოქვეყნების, გავრცელების, და სხვა. ცნობები | |
| Name of publisher, distributor, etc | ტექნიკური უნ–ტი |
| 260 ## - გამოქვეყნების, გავრცელების, და სხვა. ცნობები | |
| Date of publication, distribution, etc | 2010 |
| 264 ## - წარმოების, გამოცემის, დისტრიბუციის და სხვა ცნობები | |
| გამოცემის, წარმოების, დისტრიბუციის... ადგილი | თბილისი, |
| გამოცემის, წარმოების, დისტრიბუციის... თარიღი | 2010. |
| 300 ## - ფიზიკური აღწერა | |
| Extent | 608 გვ.: |
| Other physical details | ნახ., ცხრ. ; |
| Dimensions | 26 სმ. |
| 300 ## - ფიზიკური აღწერა | |
| Accompanying material | ბიბლ.გვ.601-607 |
| 504 ## - BIBLIOGRAPHY, ETC. NOTE | |
| Bibliography, etc | ბიბლიოგრ.: გვ. 601-607. |
| 520 ## - SUMMARY, ETC. | |
| Summary, etc | პარალ. სათ. ინგლ. |
| 653 ## - INDEX TERM--UNCONTROLLED | |
| Uncontrolled term | ეკონომიკა |
| 653 ## - INDEX TERM--UNCONTROLLED | |
| Uncontrolled term | მენეჯმენტი |
| 653 ## - INDEX TERM--UNCONTROLLED | |
| Uncontrolled term | მენეჯმენტის პრინციპები |
| 700 ## - ADDED ENTRY--PERSONAL NAME | |
| Personal name | ქოქიაური, ლამარა |
| Relator term | ავტორი |
| 9 (RLIN) | 3369 |
| 942 ## - ADDED ENTRY ELEMENTS (KOHA) | |
| Koha item type | წიგნი |
| Source of classification or shelving scheme | |
| ჩამოწერის სტატუსი | დაკარგული ეგზემპლარის სტატუსი | კლასიფიკაციის წყარო ან თაროზე გაწყობის სქემა | დაზიანების სტატუსი | არ გაიცემა | მუდმივი მდებარეობა (დაცვის ადგილი) | ამჟამინდელი ადგილსამყოფელი | თაროზე განთავსების ადგილი | შეძენის თარიღი | ღირებულება, შესყიდვის ნორმალური ფასი | სრული შენახვის შიფრი | შტრიხკოდი | ბოლო ოპერაციის თარიღი | ეგზემპლარის მიმდევრობითი ნომერი (კეტერი?) | ფასის ძალაში შესვლის თარიღი | ეგზემპლარის სახეობა | საჯარო შენიშვნა |
|---|---|---|---|---|---|---|---|---|---|---|---|---|---|---|---|---|
| ბათუმის შოთა რუსთაველის სახელმწიფო უნივერსიტეტის მთავარი ბიბლიოთეკა | ბათუმის შოთა რუსთაველის სახელმწიფო უნივერსიტეტის მთავარი ბიბლიოთეკა | წიგნსაცავი | 2018-12-17 | 30.00 | 005(075.8) ბ–25 | 986 | 2018-12-17 | 986 | 2018-12-17 | წიგნი | 30 ლ. | |||||
| ბათუმის შოთა რუსთაველის სახელმწიფო უნივერსიტეტის მთავარი ბიბლიოთეკა | ბათუმის შოთა რუსთაველის სახელმწიფო უნივერსიტეტის მთავარი ბიბლიოთეკა | წიგნსაცავი | 2018-12-17 | 28.00 | 005(075.8) ბ–25 | 46558 | 2018-12-17 | 46558 | 2018-12-17 | წიგნი | 28 ლ. | |||||
| ბათუმის შოთა რუსთაველის სახელმწიფო უნივერსიტეტის მთავარი ბიბლიოთეკა | ბათუმის შოთა რუსთაველის სახელმწიფო უნივერსიტეტის მთავარი ბიბლიოთეკა | წიგნსაცავი | 2018-12-17 | 28.00 | 005(075.8) ბ–25 | 46559 | 2018-12-17 | 46559 | 2018-12-17 | წიგნი | 28 ლ. | |||||
| ბათუმის შოთა რუსთაველის სახელმწიფო უნივერსიტეტის მთავარი ბიბლიოთეკა | ბათუმის შოთა რუსთაველის სახელმწიფო უნივერსიტეტის მთავარი ბიბლიოთეკა | წიგნსაცავი | 2018-12-17 | 28.00 | 005(075.8) ბ–25 | 46560 | 2018-12-17 | 46560 | 2018-12-17 | წიგნი | 28 ლ. | |||||
| ბათუმის შოთა რუსთაველის სახელმწიფო უნივერსიტეტის მთავარი ბიბლიოთეკა | ბათუმის შოთა რუსთაველის სახელმწიფო უნივერსიტეტის მთავარი ბიბლიოთეკა | წიგნსაცავი | 2018-12-17 | 28.00 | 005(075.8) ბ–25 | 46561 | 2018-12-17 | 46561 | 2018-12-17 | წიგნი | 28 ლ. | |||||
| ბათუმის შოთა რუსთაველის სახელმწიფო უნივერსიტეტის მთავარი ბიბლიოთეკა | ბათუმის შოთა რუსთაველის სახელმწიფო უნივერსიტეტის მთავარი ბიბლიოთეკა | წიგნსაცავი | 2018-12-17 | 28.00 | 005(075.8) ბ–25 | 46562 | 2018-12-17 | 46562 | 2018-12-17 | წიგნი | 28 ლ. | |||||
| ბათუმის შოთა რუსთაველის სახელმწიფო უნივერსიტეტის მთავარი ბიბლიოთეკა | ბათუმის შოთა რუსთაველის სახელმწიფო უნივერსიტეტის მთავარი ბიბლიოთეკა | წიგნსაცავი | 2025-10-09 | 30.00 | 005(075.8) ბ–25 | 72629 | 2025-10-09 | 72629 | 2025-10-09 | წიგნი | 30.00 | |||||
| ბათუმის შოთა რუსთაველის სახელმწიფო უნივერსიტეტის მთავარი ბიბლიოთეკა | ბათუმის შოთა რუსთაველის სახელმწიფო უნივერსიტეტის მთავარი ბიბლიოთეკა | წიგნსაცავი | 2026-01-28 | 30.00 | 005(075.8) ბ–25 | 73614 | 2026-01-28 | 73614 | 2026-01-28 | წიგნი | 30.00 |
